| 000 | 00487nam a2200145Ia 4500 | ||
|---|---|---|---|
| 008 | 211220s9999 xx 000 0 eng d | ||
| 041 | _aEnglish | ||
| 082 | _aRP.0338 | ||
| 100 |
_aPoornima, Nithya _uSampurna Montfort College _vBangalore |
||
| 245 | 0 |
_aMental health of mental health professionals / _cNithya Poornima |
|
| 260 |
_aNew Delhi : _bIndian Council oF Social Science Research, _c2015 |
||
| 300 | _ax, 189p. | ||
| 536 | _aIndian Council of Social Science Research | ||
| 942 | _cRP | ||
| 999 |
_c27196 _d27196 |
||